000 00400nam a2200169Ia 4500
008 230524s9999 xx 000 0 und d
020 _a817446512X
082 _a621.382
_bSAH
100 _aR.K.Sahu
_932054
245 0 _aPerformance Management
250 _aIST
260 _aNEW DELHI
_bExcel
_c2009
300 _aXI;1031
500 _aQuantity Number: 1
650 _aManagement
942 _cBK
999 _c45427
_d45427